| 000 | 00547nam a2200217Ia 4500 | ||
|---|---|---|---|
| 008 | 160319s9999 xx 000 0 und d | ||
| 020 | _a971-08-6982-5 | ||
| 050 | _aFIL QA 551 | ||
| 050 | _b.C66 2009 | ||
| 100 | _aComandante, Felipe L. Jr. | ||
| 245 | _aAnalytic geometry : | ||
| 245 | _bmade easy / | ||
| 245 | _cFelipe L. Comandante, Jr. | ||
| 260 | _aMandaluyong: | ||
| 260 | _bNational Book Store, | ||
| 260 | _c2009 | ||
| 300 | _a318 pages : | ||
| 300 | _billustrations ; | ||
| 300 | _c23 cm. | ||
| 650 | _aGeometry, Analytic. | ||
| 999 |
_c291843 _d291843 |
||